LIBRARY & INFORMATION CENTRE, KCAET, TAVANUR

ONLINE PUBLIC ACCESS CATALOGUE (OPAC)

Normal view MARC view
  • Junnarkar, S B .

Entry Personal Name

Number of records used in: 9

001 - CONTROL NUMBER

  • control field: 536

003 - CONTROL NUMBER IDENTIFIER

  • control field: OSt

005 - DATE AND TIME OF LATEST TRANSACTION

  • control field: 20160621153217.0

008 - FIXED-LENGTH DATA ELEMENTS

  • fixed length control field: 160621|| aca||aabn | a|a d

040 ## - CATALOGING SOURCE

  • Original cataloging agency: OSt
  • Transcribing agency: OSt

100 ## - HEADING--PERSONAL NAME

  • Personal name: Junnarkar, S B .

670 ## - SOURCE DATA FOUND

  • Source citation: Work cat.: (OSt)13084: Shah, H J . 535, Mechanics of structures, vol.1 (Strength of Materials)(Entirely in SI Units) , 2012
free website counter